Ordenamiento territorial, autonomia y regionalizacion en Colombia (Registro nro. 145774)
[ vista simple ]
| 001 - NÚMERO DE CONTROL | |
|---|---|
| campo de control | 587374 |
| 005 - FECHA Y HORA DE LA ÚLTIMA TRANSACCIÓN | |
| campo de control | 20260506084333.0 |
| 008 - DATOS DE LONGITUD FIJA--INFORMACIÓN GENERAL | |
| campo de control de longitud fija | 000401s1999 spa |
| 035 ## - NÚMERO DE CONTROL DEL SISTEMA | |
| Número de control de sistema | 587374 |
| 035 ## - NÚMERO DE CONTROL DEL SISTEMA | |
| Número de control de sistema | (OCoLC)777768748 |
| 040 ## - FUENTE DE LA CATALOGACIÓN | |
| Centro/agencia transcriptor | comduadb |
| 041 ## - CÓDIGO DE LENGUA | |
| Código de lengua del texto/banda sonora o título independiente | spa |
| 082 #4 - NÚMERO DE LA CLASIFICACIÓN DECIMAL DEWEY | |
| Número de clasificación | 320 |
| 100 10 - ENTRADA PRINCIPAL--NOMBRE DE PERSONA | |
| Nombre de persona | Colon Cardenas, Armando E. |
| Código de función | aut |
| Término indicativo de función/relación | Autor/a |
| 9 (RLIN) | 305774 |
| 245 10 - MENCIÓN DE TÍTULO | |
| Título | Ordenamiento territorial, autonomia y regionalizacion en Colombia |
| 250 ## - MENCIÓN DE EDICIÓN | |
| Mención de edición | 1. ed. |
| 260 ## - PUBLICACIÓN, DISTRIBUCIÓN, ETC. | |
| Lugar de publicación, distribución, etc. | Barranquilla : |
| Nombre del editor, distribuidor, etc. | Fondo de Publicaciones de la Universidad del Atlántico, |
| Fecha de publicación, distribución, etc. | 1999. |
| 300 ## - DESCRIPCIÓN FÍSICA | |
| Extensión | 264p. |
| 650 #7 - PUNTO DE ACCESO ADICIONAL DE MATERIA--TÉRMINO DE MATERIA | |
| Término de materia o nombre geográfico como elemento de entrada | Ordenamiento territorial |
| Fuente del encabezamiento o término | lemb |
| 9 (RLIN) | 36089 |
| 650 #7 - PUNTO DE ACCESO ADICIONAL DE MATERIA--TÉRMINO DE MATERIA | |
| Término de materia o nombre geográfico como elemento de entrada | Regionalización |
| Fuente del encabezamiento o término | lemb |
| 9 (RLIN) | 2649 |
| 650 ## - PUNTO DE ACCESO ADICIONAL DE MATERIA--TÉRMINO DE MATERIA | |
| Término de materia o nombre geográfico como elemento de entrada | Federalismo |
| 9 (RLIN) | 6408 |
| 650 ## - PUNTO DE ACCESO ADICIONAL DE MATERIA--TÉRMINO DE MATERIA | |
| Término de materia o nombre geográfico como elemento de entrada | Centralismo |
| 9 (RLIN) | 21262 |
| 650 #7 - PUNTO DE ACCESO ADICIONAL DE MATERIA--TÉRMINO DE MATERIA | |
| Término de materia o nombre geográfico como elemento de entrada | Descentralización administrativa |
| Subdivisión geográfica | Colombia |
| Fuente del encabezamiento o término | lemb |
| 9 (RLIN) | 37810 |
| 650 #7 - PUNTO DE ACCESO ADICIONAL DE MATERIA--TÉRMINO DE MATERIA | |
| Término de materia o nombre geográfico como elemento de entrada | Conflicto armado |
| Fuente del encabezamiento o término | lemb |
| 9 (RLIN) | 51377 |
| 650 ## - PUNTO DE ACCESO ADICIONAL DE MATERIA--TÉRMINO DE MATERIA | |
| Término de materia o nombre geográfico como elemento de entrada | Regiones - Colombia |
| 9 (RLIN) | 41490 |
| 650 ## - PUNTO DE ACCESO ADICIONAL DE MATERIA--TÉRMINO DE MATERIA | |
| Término de materia o nombre geográfico como elemento de entrada | Caribe (Colombia) - Historia |
| 9 (RLIN) | 47322 |
| 650 #7 - PUNTO DE ACCESO ADICIONAL DE MATERIA--TÉRMINO DE MATERIA | |
| Término de materia o nombre geográfico como elemento de entrada | Constituciones |
| Subdivisión geográfica | Colombia |
| Fuente del encabezamiento o término | embne |
| 9 (RLIN) | 4700 |
| 651 #7 - PUNTO DE ACCESO ADICIONAL DE MATERIA--NOMBRE GEOGRÁFICO | |
| Nombre geográfico | Colombia |
| Fuente del encabezamiento o término | embne |
| 9 (RLIN) | 870547 |
| 700 10 - ENTRADA AGREGADA--NOMBRE PERSONAL | |
| Nombre de persona | Vecchio Dominguez, Enrique A. del |
| Código de función | aut |
| Término indicativo de función/relación | Autor/a |
| 9 (RLIN) | 305775 |
| 942 ## - ELEMENTOS DE ENTRADA AGREGADA (KOHA) | |
| Tipo de ítem Koha | Libros |
| Estado de retiro | Estado de pérdida | Estado dañado | No para préstamo | Código de colección | Localización permanente | Ubicación/localización actual | Fecha de adquisición | Número de inventario | Total de préstamos | Signatura topográfica completa | Código de barras | Fecha visto por última vez | Número de copia | Precio válido a partir de | Tipo de ítem Koha |
|---|---|---|---|---|---|---|---|---|---|---|---|---|---|---|---|
| Colección General Piso 2 | Biblioteca Carlos Gaviria Díaz, Campus Medellín | Biblioteca Carlos Gaviria Díaz, Campus Medellín | 02/04/2000 | C628437 | 320.12 C719o | 61000002114482 | 02/11/2023 | 1 | 22/04/2023 | Libros |